Exámenes de aptitud profesional: teoría y práctica
Salvato in:
| Autore principale: | |
|---|---|
| Natura: | Libro |
| Lingua: | spagnolo |
| Pubblicazione: |
Barcelona
Labor
1957
|
| Soggetti: | |
| Tags: |
Aggiungi Tag
Nessun Tag, puoi essere il primo ad aggiungerne!!
|
MARC
| LEADER | 00000nam a2200000 a 4500 | ||
|---|---|---|---|
| 001 | UCZ6743 | ||
| 003 | CL-VaPUC | ||
| 008 | 951215e19570000SP |||||||||||||||||spa|d | ||
| 082 | 0 | 4 | |a 153.94 |b BAU |2 21 |
| 100 | 0 | |a Baumgarten, Franziska |e author |9 351237 | |
| 245 | 1 | 0 | |a Exámenes de aptitud profesional: teoría y práctica |
| 300 | |a 722 p | ||
| 942 | |c BK | ||
| 945 | |d 19951215 00:00:00 |a cmena | ||
| 260 | |a Barcelona |b Labor |c 1957 | ||
| 650 | 7 | |a TESTS DE APTITUD |2 CL-VaPUC |9 327076 | |
| 650 | 0 | |a Aptitud |9 335650 | |
| 650 | 0 | |a Inteligencia |9 267038 | |
| 650 | 0 | |a Tests psicológicos |9 308644 | |
| 650 | 7 | |a SELECCION DEL PERSONAL |2 CL-VaPUC |9 324534 | |
| 650 | 7 | |a CALIFICACION PARA EL EMPLEO |2 CL-VaPUC |9 343749 | |
| 650 | 0 | |a Metodología |9 256610 | |
| 650 | 7 | |a PSICOLOGIA EXPERIMENTAL |2 CL-VaPUC |9 309015 | |
| 583 | |a last modification |c 19951215 00:00:00 |k Rodrigo Vera | ||
| 999 | |c 242920 |d 242918 | ||
| 952 | |0 0 |1 0 |4 0 |6 153_940000000000000_BAU_1957 |7 0 |8 P |9 256246 |a BIBEDU |b BIBEDU |c BIBEDU_PB |d 2019-11-19 |i 2847876 |o 153.94 BAU 1957 |p 2847876 |r 2024-01-25 |w 2019-11-19 |y BK |k EDU | ||